000 00667nam a22002297a 4500
003 UA-OsUOA
001 39768
007 ta
008 20080518b un ||||| |||| 00| 0 ukr d
090 _a050
_bА57
942 _cMG
040 _aUA-OsUOA
_bukr
_cUA-OsUOA
_dUA-OsUOA
245 _aАльманах УНС
300 _a240 с.
955 _a4
041 _aukr
080 _a050
260 _aПарсиппані
_b"Свобода"
246 3 1 _a2008
650 7 _a050 Серійні публікації. Періодика галузі, Організація та інші типи поєднання (співробітництва)
_2UDC
999 _c438277
_d438277